A TEXT BOOK OF MEDICAL JURISPRUDENCE AND TOXICOLOGY (Record no. 8482)
[ view plain ]
| 000 -LEADER | |
|---|---|
| fixed length control field | 00324nam a22001457a 4500 |
| 003 - CONTROL NUMBER IDENTIFIER | |
| control field | SGT |
| 082 ## - DEWEY DECIMAL CLASSIFICATION NUMBER | |
| Classification number | 611 |
| Item number | T12K |
| 100 ## - MAIN ENTRY--PERSONAL NAME | |
| Personal name | KANNAN, K. ,Ed |
| 245 ## - TITLE STATEMENT | |
| Title | A TEXT BOOK OF MEDICAL JURISPRUDENCE AND TOXICOLOGY |
| 250 ## - EDITION STATEMENT | |
| Edition statement | 24TH |
| 260 ## - PUBLICATION, DISTRIBUTION, ETC. (IMPRINT) | |
| Place of publication, distribution, etc | DELHI |
| Name of publisher, distributor, etc | LEXIS NEXIS |
| Year of Publication | 2012 |
| 300 ## - PAGE DESCRIPTION | |
| No. of Pages | 591 |
| 650 ## - SUBJECT ADDED ENTRY--TOPICAL TERM | |
| Topical term or geographic name as entry element | ANATOMY |
| 942 ## - ADDED ENTRY ELEMENTS (KOHA) | |
| Source of classification or shelving scheme | Dewey Decimal Classification |
| Koha item type | Books |
| Withdrawn status | Lost status | Source of classification or shelving scheme | Damaged status | Not for loan | Collection code | Home library | Current library | Shelving location | Date acquired | Vendor Name | Cost, normal purchase price | SGTU | Bill Number | Total Checkouts | Full call number | Accession No. (Barcode) | Date last seen | Bill Date | Koha item type | Use restrictions | Date last borrowed |
|---|---|---|---|---|---|---|---|---|---|---|---|---|---|---|---|---|---|---|---|---|---|
| Dewey Decimal Classification | AYURVEDA | SGT FA-FP Library | SGT FA-FP Library | Text Book | 16/03/2016 | AHUJA | 1895.00 | SGTU | 6404 | 611 T12K | FA3701 | 18/01/2024 | 22/12/2015 | Books | |||||||
| Dewey Decimal Classification | AYURVEDA | SGT FA-FP Library | SGT FA-FP Library | Text Book | 16/03/2016 | AHUJA | 1895.00 | SGTU | 6404 | 611 T12K | FA3702 | 16/03/2016 | 22/12/2015 | Books | |||||||
| Dewey Decimal Classification | AYURVEDA | SGT FA-FP Library | SGT FA-FP Library | Reference Book | 16/03/2016 | AHUJA | 1895.00 | SGTU | 6404 | 611 T12K | FA3703 | 16/03/2016 | 22/12/2015 | Books | Restricted Access | ||||||
| Dewey Decimal Classification | AYURVEDA | SGT FA-FP Library | SGT FA-FP Library | Text Book | 16/03/2016 | AHUJA | 1895.00 | SGTU | 6404 | 611 T12K | FA3704 | 16/03/2016 | 22/12/2015 | Books | |||||||
| Dewey Decimal Classification | AYURVEDA | SGT FA-FP Library | SGT FA-FP Library | Text Book | 16/03/2016 | AHUJA | 1895.00 | SGTU | 6404 | 1 | 611 T12K | FA3705 | 06/01/2021 | 22/12/2015 | Books | 12/03/2020 |